La unificacin̤ civil y mercantil en la contratacin̤ privada

Detalles Bibliográficos
Autor principal: Martn̕ Rodrg̕uez, ℓngeles
Autor Corporativo: Universidad de Alcal ̀de Henares
Formato: Desconocido
Lenguaje:español
Publicado: Madrid : Centro de Estudios Ramn̤ Areces : Universidad de Alcal,̀ D.L. 2006
Materias:
Acceso en línea:Acceso restringido

MARC

LEADER 00000ny a22000003n 4500
005 20110520120540.0
008 060119s2006 sp s 000 0 spa c
020 |a 8480047380 
035 |a 1590 
040 |a UMA.RE  |d vLex 
090 |c 94  |d 94 
100 1 |a Martn̕ Rodrg̕uez, ℓngeles 
245 1 3 |a La unificacin̤ civil y mercantil en la contratacin̤ privada  |h [Recurso electrn̤ico]  |c ℓngeles Martn̕ Rodrg̕uez 
256 |a Servicio en ln̕ea 
260 |a Madrid :  |b Centro de Estudios Ramn̤ Areces :  |b Universidad de Alcal,̀  |c D.L. 2006 
300 |a 254 p. ;  |c 24 cm 
504 |a Bibliogr.: p. 243-254 
506 1 |a Contenido solo disponible en los productos indicados  |d vLex Global  |d vLex Global (Academic Edition, excluding Law Schools)  |d vLex Global (U.S. Academic Edition, Law Schools)  |d vLex Global (U.S. Academic Edition, excluding Law Schools)  |d vLex Global (Academic Edition, Law Schools) 
650 0 7 |a Contratos  |2 Tesauro vLex 
650 0 7 |a Civil  |2 Tesauro vLex 
650 0 7 |a Contratos mercantiles  |2 Tesauro vLex 
710 2 |a Universidad de Alcal ̀de Henares 
740 0 |a vLex Libros (Servicios en ln̕ea) 
856 4 0 |u http://vlex.com/source/1590  |z Acceso restringido 
942 |c BOOK 
999 0 |a Contracts  |b Spain